|
|
|
|
| LEADER |
00000nam a2200000 a 4500 |
| 001 |
vtls011893369 |
| 003 |
SK-MaSNL |
| 005 |
20260301052054.0 |
| 008 |
251112 1588 it 001 0 lat |
| 015 |
|
|
|a SNBHFA1588
|
| 035 |
|
|
|a urn:nbn:sk:snk-am00fj6a
|
| 035 |
|
|
|a urn:nbn:sk:snk-am3ivcn
|
| 035 |
|
|
|a 0BEEECA1-5F94-4C3E-9CBF-897A11F5FA94
|
| 040 |
|
|
|a SNKHF
|b slo
|c SNKHF
|e AACR2
|
| 041 |
|
|
|a lat
|
| 044 |
|
|
|a it
|c IT
|
| 072 |
|
7 |
|a 2-1
|x Prirodzená teológia. Náboženská filozofia
|2 konspekt
|
| 080 |
|
|
|a 2-1
|2 2011
|
| 080 |
|
|
|a 27-475.5
|2 2011
|
| 100 |
1 |
|
|a Pepin, Guillaume,
|d zomrel 1533
|4 aut
|9 195915
|
| 245 |
1 |
0 |
|a Sermonvm Ad Sacros Euangeliorvm Sensvs Explicandos. Pars Quadragesimalis. Authore R. P. F. Gvillelmo Pepin Theologo Parisiensi, Ord. Praedicatorum. Ex Qvorvm Lectione Non Modo uerbi Dei Prędicatores, uerumetiam Sacrae Theologię, & Sacrorum Canonum professores. Animarvmqve Cvrae Praepositi admirabilem vtilitatem sibi, Л alijs proferent, Л spiritualem profectum sentient
|
| 260 |
|
|
|a [Venetiis]
|b [ex Ioannis Antonij Bertani]
|c [1588]
|
| 300 |
|
|
|a 499, [1] listov zachovaných
|c 8°
|c 16 cm
|
| 500 |
|
|
|a Vineta, iniciálky s ornamentálnym pozadím v rámčeku a vo voľnom priestore na 5-7 riadkov, kustody
|
| 504 |
|
|
|a Marginálie
|
| 510 |
4 |
|
|a ICCU - CNCE 32920
|
| 546 |
|
|
|a Latinčina
|b Kurzíva
|
| 550 |
|
|
|a Impressum doplnené z bibliografie
|
| 561 |
|
|
|a Z knižnice františkánov v Malackách.
|5 SNK ID 101603
|
| 561 |
|
|
|a Proveniencia: Conuentus Malaczken Jan: 1658. - Pečiatka Sigilium Conventus R. P.[...] Franciscanor. Malackaensis.
|5 SNK ID 101603
|
| 561 |
|
|
|a Z knižnice františkánov Bratislava.
|5 SNK ID 101603 D1
|
| 562 |
|
|
|a Defekt: Titulný list poškodený.
|5 SNK ID 101603
|
| 562 |
|
|
|a Rukopisné marginálie a rukopisné poznámky v latinčine.
|5 SNK ID 101603
|
| 562 |
|
|
|a Proveniencia: Rukopisná poznámka na titulnom liste: Ex libria Martini ... ad Conventum Galgocz.. Anno 1606.
|5 SNK ID 101603 D1
|
| 563 |
|
|
|a Väzba: pôvodná, bledá hladká koža, stopy po šnúrkach.
|5 SNK ID 101603
|
| 563 |
|
|
|a Väzba: Svetložltá koža.
|5 SNK ID 101603 D1
|
| 650 |
0 |
7 |
|a teológia
|2 SNKPH
|9 1814
|
| 650 |
0 |
7 |
|a kázne
|2 SNKPH
|9 1954
|
| 700 |
1 |
|
|a Bertano, Giovanni Antonio,
|d 16. storočie
|4 prt
|9 195916
|
| 700 |
1 |
|
|a Galgóci, Martin
|4 fmo
|9 360343
|
| 710 |
1 |
|
|a Františkáni (Malacky, Slovensko)
|4 fmo
|9 303409
|
| 710 |
0 |
|
|a Bertano, Giovanni Antonio (Benátky, Taliansko),
|d 1570-1599
|4 prt
|9 360344
|
| 710 |
1 |
|
|a Františkáni (Bratislava, Slovensko)
|4 fmo
|9 281881
|
| 752 |
|
|
|a Taliansko
|d Benátky
|
| 852 |
|
|
|a snk
|b Historické fondy
|p ID 101603
|
| 852 |
|
|
|a snk
|b Historické fondy
|p ID 101603 D1
|
| 958 |
|
|
|a ONDV
|
| 999 |
|
|
|c 604921
|d 606851
|
| 952 |
|
|
|t Fr Ba 966
|a SNK
|b SNK
|c SNK_HF
|y PREZ
|7 0
|p 17A1354474
|o snkID 101603 D1
|i snk2019/1764
|8 5
|0 0
|1 0
|4 0
|d 2019-01-22
|f 1
|l 0
|r 2026-02-23 16:05:57
|w 2026-02-23
|
| 952 |
|
|
|t Fr Ma 26 443
|a SNK
|b SNK
|c SNK_HF
|y PREZ
|7 0
|p 17A1356948
|o snkID 101603
|i snk2019/25895
|8 5
|0 0
|1 0
|4 0
|d 2019-10-14
|f 1
|l 0
|r 2026-02-23 16:05:57
|w 2026-02-23
|